000 01418nam0a2200373 4500
001 RU\NLR\bibl\1512726
005 20250616023829.0
010 _a978-5-699-39560-6
_95000
021 _aRU
_b2010-23394
_9165д/2010
035 _a(nilc)RSL-KNO-004638073
035 _a(NLR Aleph) 001504115
090 _a38757
_c38757
100 _a20100330d2010 |||y0rusy50 ca
101 0 _arus
102 _aRU
105 _ay |||||||||
200 1 _aУспех
_eсоветы по достижению ваших целей от необычайно успешных людей
_fред.-сост. Джена Пинкотт
_g[пер. с англ. В. Нашуты]
210 _aМосква
_cЭксмо
_d2010
215 _a317 с.
_d17
225 1 _aПодарочные издания
_iБизнес
300 _aЗагл. ориг.: Success
454 0 _12001#$aSuccess
_tSuccess
606 1 _aУспех
_jПопулярные издания
_xСоциально-психологические исследования
_92074287
_3RU\NLR\auth\661249276
610 0 _aуспех
686 _aЮ0я48
_2rubbk
686 _aС550.354я9
702 1 _4220
_7ca
_8rus
_aПинкотт
_bД.
_gДжена
_9191700
_3RU\NLR\AUTH\770191751
801 0 _aRU
_bРГБ
_c20100330
_grcr
801 1 _aRU
_bРГБ
_c20100330
801 2 _aRU
_bNLR
_c20100518
_grcr
942 _cBOOK
980 _aNB